LEADER 01045nam0 22003013i 450 001 UBO1173564 005 20231121125855.0 010 $a2738443079 100 $a20211115d1996 ||||0itac50 ba 101 | $afre 102 $afr 181 1$6z01$ai $bxxxe 182 1$6z01$an 200 1 $aEcriture de soi et psychanalyse$fsous la direction de Jean-Francois Chiantaretto 210 $aParis$cL'Harmattan$d1996 215 $a283 p.$d21 cm. 606 $aGrafologia$2FIR$3RMLC005468$9I 606 $aScrittura$xInterpretazione psicologica$2FIR$3RMLC414104$9I 676 $a155.282$9$v21 702 1$aChiantaretto$b, Jean-Francois$3UBOV449532 801 3$aIT$bIT-01$c20211115 850 $aIT-FR0017 899 $aBiblioteca umanistica Giorgio Aprea$bFR0017 $eN 912 $aUBO1173564 950 0$aBiblioteca umanistica Giorgio Aprea$d 52MAG 7/418$e 52LLC0000043315 VMB RS $fA $h20211115$i20211115 977 $a 52 996 $aEcriture de soi et psychanalyse$93640108 997 $aUNICAS